LEADER 01291nam0 2200289 450 001 000035108 005 20130920143627.0 010 $a978-88-08-08715-7 100 $a20130920d2004----km-y0itaa50------ba 101 0 $aita 102 $aIT 200 1 $aGenetica animale applicata$fGiulio Pagnacco 210 $aMilano$cCEA$d2004 215 $aXII, 334 p.$d27 cm. 300 $aIn appendice: Introduzione all'algebra delle matrici e ai sistemi di equazioni dello stesso A 606 1 $aGenetica animale 676 $a636.0821$v(22. ed.)$9Allevamento di animali. Genetica 700 1$aPagnacco,$bGiulio$078700 801 0$aIT$bUniversità della Basilicata - B.I.A.$gREICAT$2unimarc 912 $a000035108 996 $aGenetica animale applicata$997174 997 $aUNIBAS CAT $aTTM$b30$c20130920$lBAS01$h1436 FMT Z30 -1$lBAS01$LBAS01$mBOOK$1BASA2$APolo Tecnico-Scientifico$2DID$BDidattica$3PTS.s4.31.33A$6112006$5T112006$820130920$eXL$f04$FPrestabile Didattica Z30 -1$lBAS01$LBAS01$mBOOK$1BASA2$APolo Tecnico-Scientifico$2DID$BDidattica$3PTS.s4.31.33B$6112007$5T112007$820130920$eXL$f04$FPrestabile Didattica Z30 -1$lBAS01$LBAS01$mBOOK$1BASA2$APolo Tecnico-Scientifico$2DID$BDidattica$3PTS.s4.31.33C$6112005$5T112005$820130920$eXL$f04$FPrestabile Didattica